Štát svoj dlh k železniciam zaplatí, na rade je druhá strana

Spôsob riešenia dlhu slovenských železníc štátom - prevzatie existujúcich pôžičiek do štátneho dlhu. Oddlženie železníc je nevyhnutné. Železnice však musia urobiť vo vlastných radoch poriadok - odstránenie vysokej prezamestnanosti, zmapovanie majetku železníc a zbavenie sa toho nepotrebného. Železni...

Ausführliche Beschreibung

Gespeichert in:
Bibliographische Detailangaben
1. Verfasser: Sedlák, Miroslav
Weitere Verfasser: Beer, Gabriel
Format: Buchkapitel
Sprache:Slowakisch
Schlagworte:
Tags: Tag hinzufügen
Keine Tags, Fügen Sie das erste Tag hinzu!

MARC

LEADER 00000naa a2200000 4500
001 r049150
005 20230921115137.4
041 0 |a slo 
044 |a SK 
245 1 0 |a Štát svoj dlh k železniciam zaplatí, na rade je druhá strana  |c Miroslav Sedlák, Gabriel Beer 
520 |a Spôsob riešenia dlhu slovenských železníc štátom - prevzatie existujúcich pôžičiek do štátneho dlhu. Oddlženie železníc je nevyhnutné. Železnice však musia urobiť vo vlastných radoch poriadok - odstránenie vysokej prezamestnanosti, zmapovanie majetku železníc a zbavenie sa toho nepotrebného. Železnice sa majú zaručiť, že nebudú zvyšovať svoju zadlženosť. Nová koncepcia investičnej politiky. 
610 2 0 |a železnice 
610 2 0 |a dlhy 
610 2 0 |a pôžičky 
610 2 0 |a oddlženie 
610 2 0 |a štát 
610 2 0 |a dlhy štátne 
610 2 0 |a prezamestnanosť 
610 2 0 |a investície 
610 2 0 |a Slovensko 
100 1 |a Sedlák, Miroslav 
700 1 |a Beer, Gabriel